| 000 | 00847nam a22002177a 4500 | ||
|---|---|---|---|
| 005 | 20130814150435.0 | ||
| 008 | 110805s2010 ck a z 000 0 spa d | ||
| 020 | _a9789589969502 | ||
| 041 | 0 | _aspa | |
| 044 | _ack | ||
| 082 | 0 | 4 |
_a333.7 _bV199v |
| 110 | 1 |
_aComisión Colombiana del Océano _91077 |
|
| 245 | 1 | 0 |
_aValoración económica ambiental, una aproximación al caso del pacífico colombiano / _cComisión Colombiana del Océano |
| 260 |
_aBogotá : _bImprenta Nacional de Colombia, _c2010. |
||
| 300 |
_a140 p. : _bil. ; _c28 cm. |
||
| 504 | _aIncluye referencias bibliograficas p. 111-116 | ||
| 650 | 7 |
_aTécnica de valoración ambiental _zPacífico (Colombia) _91567 |
|
| 650 | 7 |
_aEconomía ambiental _zPacífico (Colombia) _91568 |
|
| 650 | 7 |
_aConservación de los recursos naturales _zPacífico (Colombia) _91569 |
|
| 942 |
_2ddc _cImpreso |
||
| 999 |
_c7566 _d7566 |
||